Counties of Norway Quiz Stats

 Plays Quiz Updated Jan 16, 2019

Also try: Iraq's Borders
Challenge
Share
Tweet
Score 0/18 Timer 05:00
12 Plays Today
% Correct
Oslo
96.3%
Troms
74.6%
Finnmark
73.7%
Nordland
69.3%
Telemark
64.8%
Oppland
61.7%
Vestfold
58.7%
Hedmark
58.4%
Østfold
57.8%
% Correct
Rogaland
57%
Hordaland
56.7%
Buskerud
49.6%
Vest-Agder
48%
Aust-Agder
47.6%
Akershus
43.2%
Trøndelag
41.7%
Møre og Romsdal
34%
Sogn og Fjordane
33.5%

You're not logged in!

Compare scores with friends on all Sporcle quizzes.
OR
Log In

You Might Also Like...

Show Comments

Extras

Top Quizzes Today


Score Distribution

Your Account Isn't Verified!

In order to create a playlist on Sporcle, you need to verify the email address you used during registration. Go to your Sporcle Settings to finish the process.

Report this User

Report this user for behavior that violates our Community Guidelines.

Details: